[Event "Malaga-ch"]
[Site "Malaga"]
[Date "2019.02.24"]
[Round "7.4"]
[White "Ledesma Claros, Daniel"]
[Black "Rubio Doblas, Ricardo"]
[Result "1/2-1/2"]
[WhiteElo "2063"]
[BlackElo "1986"]
[PlyCount "67"]
[EventDate "2019.02.09"]
[EventType "swiss"]
[EventRounds "7"]
[EventCountry "ESP"]
[SourceTitle "EXT 2024"]
[Source "ChessBase"]
[SourceDate "2023.10.10"]
[SourceVersion "1"]
[SourceVersionDate "2023.10.10"]
[SourceQuality "1"]

1. e4 e5 2. Nf3 Nc6 3. Bc4 Nf6 4. d3 Be7 5. 0-0 0-0 6. c3 d6 7. Bb3 Bg4 8. Nbd2 d5 9. Qe2 dxe4 10. dxe4 Nd7 11. h3 Bh5 12. Rd1 Qc8 13. Nf1 Nc5 14. Bd5 Bd6 15. Ng3 Bg6 16. h4 Qg4 17. b4 Na4 18. Bd2 Nb6 19. a3 Nxd5 20. exd5 Ne7 21. Be1 e4 22. Qc4 b5 23. Qd4 f5 24. Ng5 Qxh4 25. Ne6 Rf6 26. a4 bxa4 27. Rxa4 Bf7 28. Rxa7 Rxa7 29. Qxa7 Bxe6 30. dxe6 Rxe6 31. Qa2 Qf6 32. Nh5 Qf7 33. Qa8+ Qf8 34. Qa2 1/2-1/2

[Event "Malaga-ch"]
[Site "Malaga"]
[Date "2019.02.17"]
[Round "4.5"]
[White "Terron Elena, Francisco Miguel"]
[Black "Rubio Doblas, Ricardo"]
[Result "0-1"]
[WhiteElo "2171"]
[BlackElo "1986"]
[PlyCount "80"]
[EventDate "2019.02.09"]
[EventType "swiss"]
[EventRounds "7"]
[EventCountry "ESP"]
[SourceTitle "EXT 2024"]
[Source "ChessBase"]
[SourceDate "2023.10.10"]
[SourceVersion "1"]
[SourceVersionDate "2023.10.10"]
[SourceQuality "1"]

1. d4 Nf6 2. c4 g6 3. Nc3 Bg7 4. e4 d6 5. f4 0-0 6. Nf3 c5 7. dxc5 Qa5 8. Bd3 Qxc5 9. Qe2 Bg4 10. Be3 Qa5 11. 0-0 Nc6 12. Rac1 e5 13. a3 exf4 14. Bxf4 Nd4 15. Qf2 Bxf3 16. gxf3 Nb3 17. Rcd1 Nh5 18. Be3 Nc5 19. Nb5 Rad8 20. Bb1 Qa4 21. b4 Ne6 22. Bxa7 Nhf4 23. Qc2 Qa6 24. Be3 Be5 25. Rd2 Rc8 26. Qb3 Rfd8 27. a4 Qc6 28. Ba2 Qe8 29. Nc3 Qe7 30. Nd5 Qh4 31. Nxf4 Nxf4 32. Qc2 Qh3 33. Bd4 Re8 34. Be3 Re6 35. c5 Rf6 36. Qd1 dxc5 37. bxc5 Kg7 38. Qb3 Rd8 39. Qd1 Rd3 40. Rxd3 Qg2# 0-1

[Event "Andalucia-chT Honor Oriental"]
[Site "Andalucia"]
[Date "2018.10.14"]
[Round "3.25"]
[White "Gutierrez Curras, Daniel"]
[Black "Rubio Doblas, Ricardo"]
[Result "1-0"]
[WhiteElo "2005"]
[BlackElo "2002"]
[PlyCount "144"]
[EventDate "2018.09.30"]
[EventType "team-tourn"]
[EventRounds "7"]
[EventCountry "ESP"]
[SourceTitle "EXT 2020"]
[Source "ChessBase"]
[SourceDate "2019.10.17"]
[SourceVersion "1"]
[SourceVersionDate "2019.10.17"]
[SourceQuality "1"]
[WhiteTeam "Metro"]
[BlackTeam "Miraflores Smartick"]
[WhiteTeamCountry "ESP"]
[BlackTeamCountry "ESP"]

1. c4 Nf6 2. Nc3 g6 3. g3 Bg7 4. Bg2 0-0 5. d3 d6 6. Nf3 c6 7. 0-0 e5 8. Rb1 Re8 9. Qc2 d5 10. Bg5 dxc4 11. dxc4 h6 12. Bxf6 Qxf6 13. Nd2 Na6 14. b4 Bf5 15. Nde4 Qe7 16. Qa4 Bd7 17. c5 Reb8 18. Qd1 f5 19. Nd6 e4 20. e3 Kh7 21. Ne2 Nc7 22. g4 Nd5 23. gxf5 gxf5 24. Ng3 Rf8 25. Qh5 Qg5 26. Rbd1 Be5 27. Qxg5 hxg5 28. a3 Bxd6 29. cxd6 Rf6 30. Rd4 Rxd6 31. Rfd1 Re8 32. b5 Re5 33. bxc6 Bxc6 34. Nxf5 Rf6 35. Ng3 Nc3 36. R1d2 Rfe6 37. Bh3 Rf6 38. Rd8 Nb5 39. Ra8 Nxa3 40. Rxa7 Nc4 41. Raa2 Nxd2 42. Rxd2 Kg6 43. Bg4 Re7 44. Ne2 Re5 45. Nd4 b5 46. Rc2 Be8 47. Rb2 Rb6 48. Rb4 Bf7 49. Be2 Be8 50. Kg2 Kf6 51. Kg3 Ke7 52. Nc2 Kd6 53. Rd4+ Kc5 54. Nb4 Rd6 55. Nc2 Ra6 56. Nb4 Ra4 57. Nc2 Ra2 58. Bd1 Rb2 59. Rd8 b4 60. Rc8+ Kb5 61. Nd4+ Kb6 62. Bb3 Bd7 63. Rb8+ Kc5 64. Rb7 Be8 65. Rb8 Rxb3 66. Rc8+ Kb6 67. Nxb3 Ba4 68. Rb8+ Kc6 69. Rxb4 Bb5 70. Nd4+ Kb6 71. Kg4 Ka6 72. Nxb5 Ka5 1-0